MARC

LEADER 00000nam0a2200000 4500
001 264482
005 20231101233833.0
020 |a RU  |b 88-10782ж 
035 |a (RuTPU)RU\TPU\book\287474 
090 |a 264482 
100 |a 20140619d1987 k y0rusy5003 ca 
101 0 |a rus 
102 |a UA 
105 |a a z 001zy 
200 1 |a Совершенствование технологии кальцинированной соды и других неорганических продуктов  |e [сборник]  |f Государственный научно-исследовательский и проектный институт основной химии (НИОХИМ) ; под ред. А. Н. Козлова 
210 |a Харьков  |c Изд-во НИОХИМ  |d 1987 
215 |a 152 с.  |c ил. 
225 1 |a Труды Государственного научно-исследовательского и проектного института основной химии (НИОХИМ)  |v Т. 65 
320 |a Библиогр. в конце ст. 
606 1 |a Сода кальцинированная  |x Производство  |2 stltpush  |3 (RuTPU)RU\TPU\subj\32070  |9 54741 
610 1 |a технологии 
610 1 |a неорганические продукты 
610 1 |a хлорид натрия 
610 1 |a шлам 
675 |a 661.3  |z rus 
702 1 |a Козлов  |b А. Н.  |g Алексей Николаевич  |4 340 
712 0 2 |a Государственный научно-исследовательский и проектный институт основной химии (НИОХИМ)  |y Харьков  |z 1923-  |2 stltpush  |3 (RuTPU)RU\TPU\col\8114 
801 0 |a RU  |b RuMRKP  |c 19950417  |g psbo 
801 1 |a RU  |b 63413507  |c 20140619 
801 2 |a RU  |b 63413507  |c 20220929  |g RCR 
942 |c BK